00428nam a2200133Ia 4500082001200000100003400012245004900046260005200095300003400147650003100181650003000212650003400242710001800276 aTP.0269 aPerumal, Chendrayan Chendroya 0aCreation and management of economic leverage c1986bIndian Institute of Technology, Kharagpur aAppendices at the end + C D - aECONOMETRIC MODELS - INDIA aECONOMIC LEVERAGE - INDIA aINDUSTRIAL MANAGEMENT - INDIA aTrivedi, M.L.